| 000 | 00974nam a2200277Ia 4500 | ||
|---|---|---|---|
| 003 | OSt | ||
| 005 | 20220918165859.0 | ||
| 006 | a|||||r|||| 00| 0 | ||
| 007 | ta | ||
| 008 | 220917b |||||||| |||| 00| 0 eng d | ||
| 020 |
_a8177021117 (HBK) _c3600 |
||
| 024 | _a233,548 | ||
| 037 |
_b1732, 20/03/2008, Vidyanidhi Prakashan _cTextual |
||
| 040 |
_aARTS _cARTS _beng |
||
| 041 |
_2eng _aeng |
||
| 082 | _aY72:1.216, P5-;1 | ||
| 100 |
_aMishra Kamal K. _925900 |
||
| 245 | 0 |
_aIndigenous knowledge, natural resource management and development _b The Konda Reddi experience |
|
| 260 |
_aBhopal _bIndira Gandhi Rashtriya Manav Sangrahalaya India _c2005 |
||
| 300 |
_axviii,299p. _ccm. |
||
| 490 | _aIntangible cultural heritage of India; 2 | ||
| 650 | _aSOCIOLOGY | ||
| 700 |
_a Basa Kishor K Ed. _925901 |
||
| 942 |
_hY72:1.216, P5-;1 _cTEXL _2CC |
||
| 999 |
_c131510 _d131510 |
||